|
|
|
|
| LEADER |
00000cam a2200000 7i4500 |
| 001 |
0000032905 |
| 002 |
000035513 |
| 005 |
20081105.0 |
| 020 |
|
|
|a T000003216
|
| 090 |
0 |
0 |
|a 330.9595
|b MAL
|
| 110 |
1 |
|
|a Malaysia
|c Ministry of Finance Malaysia
|
| 245 |
1 |
0 |
|a Economic Report 1992/93
|
| 260 |
|
|
|a Kuala Lumpur :
|b National Printing Department ,
|c 1992
|
| 300 |
|
|
|a 497p. ;
|c 27cm.
|
| 650 |
0 |
0 |
|a Economic reports
|z Malaysia
|y 1992-1993
|
| 650 |
0 |
0 |
|a Economics
|z Malaysia
|x Periodicals
|
| 651 |
|
0 |
|a Malaysia
|x Economic conditions
|x Statistics
|x Perionicals
|
| 651 |
|
0 |
|a Malaysia
|x Economic conditions
|y 1992-1993
|
| 710 |
1 |
|
|a Malaysia ,
|c Ministry of Finance
|
| 999 |
|
|
|a 035877
|b BUKU
|c MALAYSIANA
|e PERPUSTAKAAN KOMUNITI PETALING JAYA
|